000 00278nam a22001217a 4500
041 _aENG
100 _aIslam .S.M.N
245 _aRural Energy And Its Utilization In Bangladesh
260 _aNew Delhi
_bBIS
_c1996
300 _a789
650 _aBIS Code
856 _uBIS Code
999 _c2130
_d2130